000 00454nam a2200157 i 4500
001 89252
003 ES-MaACL
005 20230906180128.0
007 t|
008 050105s1935 fr ||||1| fre d
100 1 _aLarguier, Lév.
_970250
245 1 0 _aVíctor Hugo en vingt images /
_cLév Larguier.
260 _aParís :
_b[s.n.,
_c1935] (
_eFontenay-aux-Roses :
_fLouis Bellenard et Fils)
300 _a252 p. ;
_c20 cm.
852 _aES-MaACL
_jA-3692
999 _c89252
_d89252